000 00524 a2200133 4500
001 ART_58866
005 20260410161830.0
008 260409a
245 1 0 _aImpacto de la implementación de un servicio de atención de emergencias sobre las muertes por accidentes de tránsito: el caso same en la provincia de Buenos Aires
100 1 _aBenzaquén, Ivana
700 1 _aEpele, Nicolás
700 1 _aMarchionni, Mariana
773 0 _tEstudios Económicos
_g- Vol. 40, Nº 80 (ene./jun. 2023)
_wREV5080
999 _c23129
_d23129